[Event "SRB-chT 2nd League East"]
[Site "Knic"]
[Date "2019.09.07"]
[Round "3.4"]
[White "Komnenic, Branko"]
[Black "Stojiljkovic, Stefan Z"]
[Result "1/2-1/2"]
[WhiteElo "2201"]
[BlackElo "2126"]
[PlyCount "162"]
[EventDate "2019.09.06"]
[EventType "team-tourn"]
[EventRounds "11"]
[EventCountry "SRB"]
[SourceTitle "EXT 2020"]
[Source "ChessBase"]
[SourceDate "2019.10.17"]
[SourceVersion "1"]
[SourceVersionDate "2019.10.17"]
[SourceQuality "1"]
[WhiteTeam "Leskovac Glubocica"]
[BlackTeam "Kursumlija"]
[WhiteTeamCountry "SRB"]
[BlackTeamCountry "SRB"]

1. d4 d5 2. c4 c6 3. Nf3 Nf6 4. Nc3 e6 5. cxd5 exd5 6. Bg5 Be7 7. Qc2 0-0 8. e3 h6 9. Bh4 Ne4 10. Bxe7 Qxe7 11. Bd3 Nxc3 12. bxc3 Nd7 13. 0-0 c5 14. Rae1 Nf6 15. Ne5 Ng4 16. f4 Nxe5 17. fxe5 Be6 18. Rf4 Rac8 19. Qb2 Qc7 20. Bf5 cxd4 21. cxd4 Bxf5 22. Rxf5 Qc2 23. Rf2 Qxb2 24. Rxb2 b6 25. Rb5 Rfd8 26. a4 f6 27. exf6 gxf6 28. a5 Rd6 29. axb6 axb6 30. Reb1 Rcc6 31. Kf2 Kf7 32. Kf3 Kg6 33. R1b2 f5 34. Kf4 Kf6 35. Kf3 Kg5 36. g3 Kg6 37. h3 Kg5 38. R5b3 Re6 39. Ke2 Re4 40. Kd2 Ree6 41. Rb5 Rcd6 42. Ra2 Kh5 43. Ke2 Rg6 44. Kf3 Rg7 45. Rg2 Re7 46. Rgb2 Ree6 47. Ra2 Re7 48. Ra8 Kg5 49. Rg8+ Kf6 50. Rf8+ Kg6 51. Rb3 Ree6 52. Rb8 Kf6 53. Rb7 Kg6 54. Rc3 Rd8 55. Rcc7 Rde8 56. Rc3 Rd8 57. Rbc7 Rdd6 58. Rc8 Rd7 59. R3c6 Rdd6 60. Rxd6 Rxd6 61. Kf4 Kf6 62. Rf8+ Ke6 63. Rxf5 b5 64. e4 dxe4 65. Rxb5 Rxd4 66. Rb6+ Kd5 67. Rxh6 Rd3 68. Rh8 Rf3+ 69. Kg4 Rf7 70. Rd8+ Kc4 71. h4 Re7 72. h5 e3 73. Rd1 e2 74. Re1 Kd3 75. Kf5 Rf7+ 76. Kg6 Rf1 77. Rxe2 Kxe2 78. h6 Kf3 79. h7 Rh1 80. Kg7 Rxh7+ 81. Kxh7 Kxg3 1/2-1/2

[Event "SRB-chT2 East"]
[Site "Serbia"]
[Date "2018.09.08"]
[Round "2.5"]
[White "Djordjevic, Miroslav"]
[Black "Komnenic, Branko"]
[Result "1/2-1/2"]
[WhiteElo "1975"]
[BlackElo "2228"]
[PlyCount "34"]
[EventDate "2018.09.07"]
[EventType "team-tourn"]
[EventRounds "11"]
[EventCountry "SRB"]
[SourceTitle "EXT 2021"]
[Source "ChessBase"]
[SourceDate "2020.10.23"]
[SourceVersion "1"]
[SourceVersionDate "2020.10.23"]
[SourceQuality "1"]
[WhiteTeam "Surdulica Radnik"]
[BlackTeam "Leskovac Glubocica"]
[WhiteTeamCountry "SRB"]
[BlackTeamCountry "SRB"]

1. f4 d5 2. Nf3 g6 3. e3 Bg7 4. Be2 Nf6 5. d3 0-0 6. 0-0 c6 7. c3 Qb6 8. d4 Bf5 9. Ne5 Nfd7 10. Nd2 Nxe5 11. fxe5 f6 12. exf6 exf6 13. Bf3 Bd3 14. Re1 f5 15. Nb3 Ba6 16. Nc5 Re8 17. g4 Bf8 1/2-1/2

[Event "Kragujevac New Year"]
[Site "Kragujevac"]
[Date "2015.01.16"]
[Round "9"]
[White "Gajic, Aleksandar"]
[Black "Komnenic, Branko"]
[Result "0-1"]
[WhiteElo "1749"]
[BlackElo "2221"]
[PlyCount "54"]
[EventDate "2015.01.11"]
[EventType "tourn"]
[EventRounds "9"]
[EventCountry "SRB"]
[SourceTitle "CBM 164 Extra"]
[Source "ChessBase"]
[SourceDate "2015.03.02"]
[SourceVersion "1"]
[SourceVersionDate "2015.03.02"]
[SourceQuality "1"]

1. d4 g6 2. c4 Bg7 3. Nc3 c5 4. d5 d6 5. e4 Nf6 6. Bd3 0-0 7. Nge2 e6 8. 0-0 exd5 9. exd5 Ne8 10. Bf4 Nd7 11. Ng3 f5 12. Qd2 Ne5 13. Rfe1 Nf7 14. Qc2 Nf6 15. Re2 a6 16. Rae1 Bd7 17. Qb3 Rb8 18. Re7 Ne5 19. R7xe5 dxe5 20. Bxe5 Re8 21. Re2 Rxe5 22. Rxe5 Ng4 23. Re2 Qh4 24. h3 Nxf2 25. Kxf2 Bd4+ 26. Ke1 Qxg3+ 27. Kd1 Qxd3+ 0-1

[Event "SRB-chT Central"]
[Site "Kraljevo"]
[Date "2014.09.14"]
[Round "3.5"]
[White "Radovic, Janko"]
[Black "Komnenic, Branko"]
[Result "1-0"]
[WhiteElo "2125"]
[BlackElo "2255"]
[PlyCount "57"]
[EventDate "2014.09.13"]
[EventType "team-tourn"]
[EventRounds "11"]
[EventCountry "SRB"]
[SourceTitle "CBM 162 Extra"]
[Source "ChessBase"]
[SourceDate "2014.10.17"]
[SourceVersion "1"]
[SourceVersionDate "2014.10.17"]
[SourceQuality "1"]
[WhiteTeam "Kragujevac"]
[BlackTeam "Valjevo Sveti Nikolaj"]
[WhiteTeamCountry "SRB"]
[BlackTeamCountry "SRB"]

1. e4 c6 2. d4 d5 3. exd5 cxd5 4. Bd3 Nc6 5. c3 Nf6 6. Bf4 g6 7. Nf3 Bg7 8. 0-0 0-0 9. Re1 Bf5 10. Bxf5 gxf5 11. Ne5 Ne4 12. Nxc6 bxc6 13. Nd2 e6 14. Re3 Qh4 15. Nxe4 Qxf4 16. Nc5 Kh8 17. Rg3 Rad8 18. Nd3 Qh4 19. Qa4 f4 20. Rf3 Bh6 21. Qxa7 Ra8 22. Qc7 f6 23. Nxf4 Rac8 24. Qd6 e5 25. Ne2 Bg7 26. Ng3 exd4 27. Nf5 Qg4 28. Nxd4 f5 29. Ne6 1-0

[Event "SRB-chT2 East CS"]
[Site "Serbia"]
[Date "2011.10.14"]
[Round "7.22"]
[White "Komnenic, Branko"]
[Black "Stojanovic, Zoran H"]
[Result "0-1"]
[WhiteElo "2298"]
[BlackElo "2165"]
[PlyCount "78"]
[EventDate "2011.09.11"]
[EventType "team"]
[EventRounds "11"]
[EventCountry "SRB"]
[SourceTitle "EXT 2015"]
[Source "ChessBase"]
[SourceDate "2014.11.20"]
[SourceVersion "1"]
[SourceVersionDate "2014.11.20"]
[SourceQuality "1"]

1. d4 d5 2. c4 c6 3. Bf4 Nf6 4. e3 Qb6 5. Qb3 Qxb3 6. axb3 Bf5 7. Nc3 Nbd7 8. Nf3 e6 9. c5 Nh5 10. b4 Nxf4 11. exf4 Be7 12. b5 0-0 13. b4 Bg4 14. bxc6 bxc6 15. b5 Bxf3 16. gxf3 Bf6 17. 0-0-0 Nxc5 18. Kc2 Nb7 19. bxc6 Na5 20. Bb5 Rac8 21. Kd3 Nxc6 22. Bxc6 Rxc6 23. Ra1 Rfc8 24. Ne2 Rb6 25. Rhb1 g6 26. Rxb6 axb6 27. Rb1 Bd8 28. Ra1 b5 29. Rb1 Rb8 30. Kc3 Ba5+ 31. Kd3 Bd8 32. Kc3 b4+ 33. Kd3 Be7 34. Ra1 b3 35. Rb1 Ba3 36. Nc3 Kg7 37. Ra1 Bb2 38. Rb1 Bxc3 39. Kxc3 b2 0-1

[Event "SRB-chT2 East"]
[Site "Serbia"]
[Date "2010.10.10"]
[Round "5"]
[White "Kolbert, Engelbert"]
[Black "Komnenic, Branko"]
[Result "1-0"]
[WhiteElo "2130"]
[BlackElo "2319"]
[PlyCount "55"]
[EventDate "2010.09.11"]
[EventType "team"]
[EventRounds "11"]
[EventCountry "SRB"]
[SourceTitle "EXT 2012"]
[Source "ChessBase"]
[SourceDate "2011.11.24"]
[SourceVersion "1"]
[SourceVersionDate "2011.11.24"]
[SourceQuality "1"]

1. e4 e6 2. d4 d5 3. Nc3 Nf6 4. Bg5 Be7 5. e5 Nfd7 6. h4 Bxg5 7. hxg5 Qxg5 8. Nh3 Qe7 9. Nf4 g6 10. Bd3 Nf8 11. Nfxd5 exd5 12. Nxd5 Qd8 13. Nf6+ Ke7 14. Qf3 c6 15. Bc4 Ne6 16. Qa3+ c5 17. d5 Qb6 18. dxe6 fxe6 19. 0-0-0 Nc6 20. Qe3 h6 21. Rxh6 Rxh6 22. Qxh6 Nxe5 23. Qg7+ Nf7 24. Ng8+ Ke8 25. Qf6 Qc7 26. Bb5+ Kf8 27. Nh6 Qe7 28. Rd8+ 1-0

[Event "SRB-chT2 West"]
[Site "Serbia"]
[Date "2008.09.21"]
[Round "2.5"]
[White "Avramovic, Zoran"]
[Black "Komnenic, Branko"]
[Result "1/2-1/2"]
[WhiteElo "2238"]
[BlackElo "2313"]
[PlyCount "143"]
[EventDate "2008.09.14"]
[EventType "team"]
[EventRounds "11"]
[EventCountry "SRB"]
[SourceTitle "EXT 2012"]
[Source "ChessBase"]
[SourceDate "2011.11.24"]
[SourceVersion "1"]
[SourceVersionDate "2011.11.24"]
[SourceQuality "1"]

1. e4 c6 2. d4 d5 3. exd5 cxd5 4. Bd3 Nc6 5. c3 Nf6 6. h3 e5 7. dxe5 Nxe5 8. Bb5+ Bd7 9. Bxd7+ Qxd7 10. Nf3 Nxf3+ 11. Qxf3 Qe6+ 12. Qe3 Bc5 13. Qxe6+ fxe6 14. Ke2 Ne4 15. Be3 Bxe3 16. Kxe3 0-0 17. f3 Nd6 18. Nd2 Rac8 19. Rhe1 Nc4+ 20. Nxc4 Rxc4 21. Kd3 Kf7 22. Re5 Rfc8 23. Rg5 b5 24. Rg4 h5 25. Rxc4 bxc4+ 26. Kd4 Rb8 27. Rb1 Ke7 28. b4 Kd6 29. f4 Rf8 30. Ke3 h4 31. g4 hxg3 32. Rg1 a5 33. b5 a4 34. Rxg3 Rh8 35. b6 Kc5 36. b7 Kb6 37. Rxg7 Rxh3+ 38. Kd4 Ka7 39. Kc5 Rh8 40. Re7 Rf8 41. Rxe6 Kxb7 42. Rb6+ Kc7 43. Ra6 Rxf4 44. Kxd5 Rh4 45. Rxa4 Rh5+ 46. Kxc4 Rh4+ 47. Kb3 Rh1 48. Kb4 Kb6 49. Ra3 Rh4+ 50. c4 Rg4 51. Rh3 Rg6 52. a4 Rf6 53. Rd3 Kc6 54. Rg3 Rh6 55. a5 Rf6 56. Rg4 Rh6 57. c5 Rh1 58. Rg6+ Kb7 59. Rb6+ Kc7 60. Rg6 Kb7 61. a6+ Kc7 62. Rg3 Rb1+ 63. Rb3 Ra1 64. Kb5 Ra2 65. Rb4 Ra1 66. Ra4 Rb1+ 67. Kc4 Rc1+ 68. Kb4 Rb1+ 69. Kc3 Rb8 70. a7 Ra8 71. Kc4 Kc6 72. Ra1 1/2-1/2

[Event "SRB-chT2 East"]
[Site "Serbia"]
[Date "2006.10.27"]
[Round "8.2"]
[White "Stojkovic, Zoran"]
[Black "Komnenic, Branko"]
[Result "0-1"]
[WhiteElo "2078"]
[BlackElo "2238"]
[PlyCount "66"]
[EventDate "2006.09.09"]
[EventType "team"]
[EventRounds "11"]
[EventCountry "SRB"]
[SourceTitle "EXT 2012"]
[Source "ChessBase"]
[SourceDate "2011.11.24"]
[SourceVersion "1"]
[SourceVersionDate "2011.11.24"]
[SourceQuality "1"]

1. e4 c5 2. Nf3 d6 3. d3 g6 4. g3 Bg7 5. Bg2 e5 6. 0-0 Ne7 7. Be3 0-0 8. Nc3 h6 9. Qd2 Kh7 10. Ne2 Nbc6 11. c3 f5 12. Ne1 b6 13. Rd1 d5 14. f4 fxe4 15. dxe4 d4 16. Bf2 Ba6 17. Nf3 dxc3 18. Qxc3 Qc7 19. Qe3 Bxe2 20. Qxe2 exf4 21. gxf4 Qxf4 22. Bg3 Qg4 23. Bh4 Qe6 24. b3 Nd4 25. Nxd4 Bxd4+ 26. Kh1 Nc6 27. Qa6 Rxf1+ 28. Rxf1 Rg8 29. e5 Nxe5 30. Qxa7+ Rg7 31. Qa8 Rf7 32. Re1 Qg4 33. Re4 Rf1+ 0-1

[Event "Serbia-ch"]
[Site "Kragujevac"]
[Date "2000.02.24"]
[Round "6"]
[White "Maksimovic, Branimir"]
[Black "Komnenic, Branko"]
[Result "1-0"]
[WhiteElo "2408"]
[BlackElo "2211"]
[PlyCount "71"]
[EventDate "2000.02.19"]
[EventType "swiss"]
[EventRounds "9"]
[EventCountry "YUG"]
[SourceTitle "EXT 2001"]
[Source "ChessBase"]
[SourceDate "2000.11.22"]
[SourceVersion "1"]
[SourceVersionDate "2000.11.22"]
[SourceQuality "1"]

1. d4 d5 2. c4 e6 3. Nf3 Nf6 4. e3 a6 5. Nbd2 c5 6. Bd3 cxd4 7. exd4 dxc4 8. Nxc4 Bb4+ 9. Bd2 Bxd2+ 10. Qxd2 0-0 11. 0-0 b6 12. Qf4 Bb7 13. Rad1 Bd5 14. Nfe5 Nc6 15. Rfe1 Nb4 16. Bb1 b5 17. Ne3 Bb7 18. Qh4 g6 19. Qh6 Nbd5 20. h4 Nxe3 21. Rxe3 Nh5 22. d5 Bxd5 23. Be4 Qc7 24. Bxd5 exd5 25. g4 d4 26. Rxd4 Rae8 27. Nd3 Rxe3 28. Qxe3 Ng7 29. Nf4 Qc8 30. Nd5 Kh8 31. Nf6 Qc6 32. Qe5 Qc1+ 33. Kg2 Qxb2 34. h5 h6 35. Qf4 g5 36. Qe4 1-0

[Event "Serbia-ch"]
[Site "Kragujevac"]
[Date "2000.02.22"]
[Round "4"]
[White "Komnenic, Branko"]
[Black "Cajic, Mihajlo"]
[Result "1/2-1/2"]
[WhiteElo "2211"]
[BlackElo "2160"]
[PlyCount "40"]
[EventDate "2000.02.19"]
[EventType "swiss"]
[EventRounds "9"]
[EventCountry "YUG"]
[SourceTitle "EXT 2001"]
[Source "ChessBase"]
[SourceDate "2000.11.22"]
[SourceVersion "1"]
[SourceVersionDate "2000.11.22"]
[SourceQuality "1"]

1. d4 e6 2. Nf3 c5 3. e3 Nc6 4. b3 Nf6 5. Bb2 b6 6. Nbd2 Bb7 7. a3 Be7 8. Bd3 0-0 9. 0-0 d6 10. Re1 Qc7 11. c4 Rfe8 12. Rc1 Rad8 13. Qc2 g6 14. Qb1 e5 15. d5 Nb8 16. b4 Nbd7 17. e4 Nh5 18. Nb3 Rb8 19. Bc3 Rf8 20. g3 Ng7 1/2-1/2

[Event "Serbia-ch"]
[Site "Kragujevac"]
[Date "2000.02.19"]
[Round "1"]
[White "Milanovic, Danilo"]
[Black "Komnenic, Branko"]
[Result "1-0"]
[WhiteElo "2378"]
[BlackElo "2211"]
[PlyCount "53"]
[EventDate "2000.02.19"]
[EventType "swiss"]
[EventRounds "9"]
[EventCountry "YUG"]
[SourceTitle "EXT 2001"]
[Source "ChessBase"]
[SourceDate "2000.11.22"]
[SourceVersion "1"]
[SourceVersionDate "2000.11.22"]
[SourceQuality "1"]

1. d4 d5 2. c4 e6 3. Nc3 Be7 4. cxd5 exd5 5. Bf4 c6 6. e3 Bf5 7. g4 Be6 8. Bd3 c5 9. Nb5 Na6 10. dxc5 Bxc5 11. a3 Nf6 12. b4 Be7 13. f3 0-0 14. Ne2 Ne8 15. Ned4 Nd6 16. 0-0 Qd7 17. Rc1 Rfc8 18. Rxc8+ Nxc8 19. Qc2 g6 20. Rc1 Nd6 21. Nxd6 Bxd6 22. Bxd6 Qxd6 23. b5 Nb8 24. Nxe6 Qxe6 25. Qc8+ Qxc8 26. Rxc8+ Kg7 27. g5 1-0

[Event "Catania op"]
[Site "Catania"]
[Date "1995.??.??"]
[Round "6"]
[White "Komnenic, Branko"]
[Black "Contin, Daniel"]
[Result "1-0"]
[WhiteElo "2270"]
[BlackElo "2365"]
[PlyCount "77"]
[EventDate "1995.08.??"]
[EventType "swiss"]
[EventRounds "9"]
[EventCountry "ITA"]
[SourceTitle "EXT 1998"]
[Source "ChessBase"]
[SourceDate "1997.11.17"]
[SourceVersion "1"]
[SourceVersionDate "1997.11.17"]
[SourceQuality "1"]

1. d4 Nf6 2. Nf3 e6 3. Bg5 b6 4. e3 Bb7 5. Nbd2 Be7 6. Bd3 c5 7. 0-0 Nc6 8. c3 cxd4 9. exd4 Nd5 10. Bxe7 Qxe7 11. Re1 g5 12. Nc4 Nf4 13. Bf1 0-0-0 14. a4 d6 15. a5 g4 16. Nfd2 Rhg8 17. g3 b5 18. a6 Ba8 19. gxf4 bxc4 20. d5 Nb8 21. Nxc4 h5 22. Ne3 h4 23. Ra4 Rd7 24. Bg2 g3 25. fxg3 hxg3 26. h3 e5 27. Nf5 Qf6 28. Qd3 Rc7 29. fxe5 dxe5 30. d6 Rc6 31. Rf1 Kd7 32. Ne7 Qf2+ 33. Rxf2 gxf2+ 34. Kf1 Rxg2 35. Qf5+ Kxd6 36. Qf6+ Kd7 37. Nxc6 Bxc6 38. Qxf7+ Kc8 39. Rc4 1-0

[Event "Kragujevac"]
[Site "Kragujevac"]
[Date "1995.??.??"]
[Round "?"]
[White "Komnenic, Branko"]
[Black "Cosma, Ioan"]
[Result "1-0"]
[WhiteElo "2270"]
[BlackElo "2440"]
[PlyCount "109"]
[EventDate "1995.??.??"]
[EventType "tourn"]
[EventRounds "13"]
[EventCountry "YUG"]
[EventCategory "3"]
[SourceTitle "EXT 2004"]
[Source "ChessBase"]
[SourceDate "2003.11.25"]
[SourceVersion "1"]
[SourceVersionDate "2003.11.25"]
[SourceQuality "1"]

1. d4 Nf6 2. c3 d5 3. Bg5 Ne4 4. Bf4 e6 5. Nd2 Bd6 6. e3 Bxf4 7. exf4 Nxd2 8. Qxd2 b6 9. Bb5+ c6 10. Ba4 0-0 11. Nf3 Ba6 12. Bc2 c5 13. 0-0-0 cxd4 14. Nxd4 Qd6 15. Rhe1 Nd7 16. Re3 Nf6 17. Rh3 Rfe8 18. Re1 g6 19. Qe3 Qf8 20. Qg3 Qg7 21. Qh4 Bb7 22. g4 a6 23. Rhe3 Kf8 24. f3 b5 25. Qg3 b4 26. f5 bxc3 27. bxc3 gxf5 28. Qd6+ Kg8 29. gxf5 e5 30. Rxe5 Red8 31. Qc7 Rab8 32. R5e3 Rdc8 33. Qg3 Kh8 34. Qxg7+ Kxg7 35. Kd2 Bc6 36. Rb1 Rxb1 37. Bxb1 Kf8 38. Bd3 Bd7 39. Re1 Rb8 40. Rb1 Rxb1 41. Bxb1 Ke7 42. Bd3 Bc8 43. a4 Kd6 44. a5 h6 45. Ke3 Nd7 46. Kf4 Nc5 47. Ke3 Nxd3 48. Kxd3 Kc5 49. f6 Bh3 50. f4 Bf1+ 51. Ke3 Kc4 52. Kd2 Bh3 53. Nc6 d4 54. cxd4 Kd5 55. Nd8 1-0

[Event "Kragujevac"]
[Site "Kragujevac"]
[Date "1995.??.??"]
[Round "?"]
[White "Komnenic, Branko"]
[Black "Peev, Peicho Chonev"]
[Result "1/2-1/2"]
[WhiteElo "2270"]
[BlackElo "2375"]
[PlyCount "113"]
[EventDate "1995.??.??"]
[EventType "tourn"]
[EventRounds "13"]
[EventCountry "YUG"]
[EventCategory "3"]
[SourceTitle "EXT 2004"]
[Source "ChessBase"]
[SourceDate "2003.11.25"]
[SourceVersion "1"]
[SourceVersionDate "2003.11.25"]
[SourceQuality "1"]

1. d4 Nf6 2. Nf3 g6 3. c3 Bg7 4. Bg5 b6 5. Nbd2 Bb7 6. e3 h6 7. Bh4 0-0 8. Be2 d6 9. a4 a6 10. b4 Nbd7 11. 0-0 c5 12. bxc5 bxc5 13. Qb3 Rb8 14. Qa3 Qc7 15. Rfc1 Rfe8 16. h3 Rec8 17. Bg3 a5 18. Bb5 Qd8 19. c4 Nh5 20. Bh2 f5 21. Rab1 Nhf6 22. d5 Nf8 23. Qd3 Rc7 24. Re1 Bc8 25. Rbd1 Nh5 26. e4 f4 27. e5 Bf5 28. Qe2 Nd7 29. Nh4 Qf8 30. Nxf5 Qxf5 31. exd6 exd6 32. Qe6+ Qxe6 33. Rxe6 Be5 34. Rxg6+ Kh7 35. Re6 Nf8 36. Re8 Rxe8 37. Bxe8 Ng7 38. Bb5 Ng6 39. g3 Nf5 40. gxf4 Bxf4 41. Be8 Bxh2+ 42. Kxh2 Nf4 43. Ne4 Rg7 44. Rg1 Rxg1 45. Kxg1 Nxh3+ 46. Kf1 Ng5 47. Bd7 Kg6 48. Bxf5+ Kxf5 49. Nxd6+ Ke5 50. Nb7 Ne4 51. Nxa5 Kd4 52. Kg2 Nd6 53. Kg3 h5 54. f4 Kc3 55. Nc6 Kxc4 56. Kh4 Kxd5 57. Ne5 1/2-1/2

[Event "Kragujevac"]
[Site "Kragujevac"]
[Date "1995.??.??"]
[Round "?"]
[White "Komnenic, Branko"]
[Black "Szuhanek, Ranko"]
[Result "1/2-1/2"]
[WhiteElo "2270"]
[BlackElo "2350"]
[PlyCount "125"]
[EventDate "1995.??.??"]
[EventType "tourn"]
[EventRounds "13"]
[EventCountry "YUG"]
[EventCategory "3"]
[SourceTitle "EXT 2004"]
[Source "ChessBase"]
[SourceDate "2003.11.25"]
[SourceVersion "1"]
[SourceVersionDate "2003.11.25"]
[SourceQuality "1"]

1. d4 d5 2. c4 c6 3. Nf3 Nf6 4. Nc3 e6 5. e3 Nbd7 6. Qc2 b6 7. cxd5 exd5 8. Bd3 Bb7 9. 0-0 Be7 10. e4 dxe4 11. Nxe4 0-0 12. Ne5 Qc7 13. Bf4 Nh5 14. Nxd7 Qxd7 15. Be3 g6 16. Rfd1 f5 17. Bc4+ Kh8 18. Nc3 Bf6 19. d5 Rad8 20. Bh6 Rfe8 21. a4 Qd6 22. Qb3 Nf4 23. Bxf4 Qxf4 24. dxc6 Bxc6 25. Bd5 Bd7 26. Bf7 Bd4 27. Rxd4 Qxd4 28. Bxe8 Rxe8 29. Qf7 Qd2 30. Rf1 Qd4 31. h4 Qg7 32. Qxg7+ Kxg7 33. f4 Bc6 34. Rd1 Kf8 35. Kf2 Rc8 36. g3 Ke7 37. Ke3 Be8 38. Rd4 Rc5 39. Kd3 Bf7 40. Rb4 Rc6 41. Rd4 a5 42. Nd5+ Ke6 43. b3 Rd6 44. Ne3 Kd7 45. Rxd6+ Kxd6 46. Kc3 Kc5 47. h5 Bg8 48. h6 Be6 49. Nd1 Bd7 50. Nf2 Be8 51. Nh3 Bf7 52. Ng5 Bg8 53. Nf3 Bf7 54. Ne5 Be8 55. Nf3 Bf7 56. Ng5 Bg8 57. Nh3 Bf7 58. Nf2 Be8 59. g4 Bd7 60. g5 Be8 61. Nd1 Bd7 62. Ne3 Be8 63. Nc4 1/2-1/2

[Event "Kragujevac"]
[Site "Kragujevac"]
[Date "1995.??.??"]
[Round "?"]
[White "Martorelli, Antonio"]
[Black "Komnenic, Branko"]
[Result "1-0"]
[WhiteElo "2255"]
[BlackElo "2270"]
[PlyCount "79"]
[EventDate "1995.??.??"]
[EventType "tourn"]
[EventRounds "13"]
[EventCountry "YUG"]
[EventCategory "3"]
[SourceTitle "EXT 2004"]
[Source "ChessBase"]
[SourceDate "2003.11.25"]
[SourceVersion "1"]
[SourceVersionDate "2003.11.25"]
[SourceQuality "1"]

1. e4 c5 2. Nf3 d6 3. d4 cxd4 4. Nxd4 Nf6 5. Nc3 a6 6. g3 e5 7. Nde2 Be7 8. Bg2 Nbd7 9. a4 b6 10. h3 Bb7 11. g4 Nc5 12. Ng3 0-0 13. g5 Ne8 14. h4 f5 15. Nd5 fxe4 16. Nxe4 Kh8 17. Nec3 Nc7 18. Be3 Nxd5 19. Bxd5 Bxd5 20. Qxd5 Rc8 21. 0-0-0 Qc7 22. Rd2 Qc6 23. Kb1 Qxd5 24. Nxd5 Bd8 25. b3 b5 26. axb5 axb5 27. Rhd1 Rf7 28. Kb2 Ra7 29. Bxc5 dxc5 30. Ne3 Ba5 31. Rd7 Rxd7 32. Rxd7 Kg8 33. Nf5 Rf8 34. Rxg7+ Kh8 35. Ra7 Rxf5 36. Rxa5 Rxf2 37. Rxb5 e4 38. Rxc5 e3 39. Re5 e2 40. Kc3 1-0

[Event "Kragujevac"]
[Site "Kragujevac"]
[Date "1995.??.??"]
[Round "?"]
[White "Popchev, Milko"]
[Black "Komnenic, Branko"]
[Result "1-0"]
[WhiteElo "2470"]
[BlackElo "2270"]
[PlyCount "53"]
[EventDate "1995.??.??"]
[EventType "tourn"]
[EventRounds "13"]
[EventCountry "YUG"]
[EventCategory "3"]
[SourceTitle "EXT 2004"]
[Source "ChessBase"]
[SourceDate "2003.11.25"]
[SourceVersion "1"]
[SourceVersionDate "2003.11.25"]
[SourceQuality "1"]

1. e4 c6 2. d4 g6 3. Nc3 d5 4. h3 Bg7 5. Nf3 Nh6 6. Bf4 f6 7. Qd2 Nf7 8. Be2 0-0 9. Bg3 e6 10. 0-0 b5 11. exd5 exd5 12. a4 b4 13. Na2 a5 14. Nc1 Nd6 15. Bxd6 Qxd6 16. Nb3 Nd7 17. c3 f5 18. cxb4 axb4 19. Qc2 Ba6 20. Bxa6 Rxa6 21. a5 Rc8 22. Rfc1 c5 23. dxc5 Nxc5 24. Nxc5 Rac6 25. a6 Bf8 26. a7 Ra8 27. Ra5 1-0

[Event "YUG-chT"]
[Site "Cetinje"]
[Date "1992.??.??"]
[Round "?"]
[White "Jacimovic, Dragoljub"]
[Black "Komnenic, Branko"]
[Result "0-1"]
[WhiteElo "2400"]
[BlackElo "2260"]
[PlyCount "56"]
[EventDate "1992.??.??"]
[EventType "team"]
[EventRounds "11"]
[EventCountry "YUG"]
[SourceTitle "EXT 1997"]
[Source "ChessBase"]
[SourceDate "1996.11.15"]
[SourceVersion "1"]
[SourceVersionDate "1996.11.15"]
[SourceQuality "1"]

1. d4 d5 2. c4 e6 3. Nf3 Nf6 4. Nc3 Be7 5. cxd5 exd5 6. Bg5 c6 7. Qc2 g6 8. Bxf6 Bxf6 9. e4 0-0 10. e5 Bg7 11. Bd3 a5 12. h4 Na6 13. a3 Nc7 14. h5 Ne6 15. Ne2 Bd7 16. g3 c5 17. dxc5 Rc8 18. b4 axb4 19. axb4 b6 20. c6 Bxc6 21. Nf4 d4 22. hxg6 Nxf4 23. gxf7+ Rxf7 24. Bc4 Bd5 25. gxf4 Rxc4 26. Qxh7+ Kf8 27. Ng5 Rxf4 28. Ra7 Qxg5 0-1